Schnelle Mathematik - Quadratzahlen Level 06 - Statistiken

Allgemein
  • Dieses Quiz wurde 385 mal gespielt
  • Das Durchschnittsergebnis liegt bei 9 aus 15
Antwortstatistiken
Hint Antwort % Korrekt
1
100%
4
97%
9
97%
16
96%
25
94%
36
88%
49
78%
64
61%
81
52%
10² 100
44%
11² 121
33%
12² 144
28%
13² 169
18%
14² 196
13%
15² 225
13%
Keine übereinstimmenden Quizze gefunden
Verteilung der Resultate
Anzahl Personen mit jedem Resultat
Perzentil nach korrekt beantworteten Fragen
Ihre Resultats-Entwicklung
Sie haben dieses Quiz noch nicht gespielt